000 00289nam a22001337a 4500
008 170202b xxu||||| |||| 00| 0 eng d
020 _a2052
041 _aeng
080 _a61
100 _a3
101 _aSHM
245 _aCONECT SORE CONCEPT IN HEALTH
_cINSEL.M.P
942 _2udc
_cBK
999 _c4319
_d4319